000 01432nam0a22003611 4500
001 rc\2276225
005 20110829191304.8
035 _a(NLR Aleph) 006556247
090 _a6794774
_c6794774
100 _a20110829d1979 |||y0rusy50 ca
101 0 _arus
102 _aRU
105 _aa z |||||
200 1 _aМеталлургия и технология сварки титана и его сплавов
_f[С.М. Гуревич, В.Н. Замков, Я.Ю. Компан и др.]
_gПод ред. С.М. Гуревича
210 _aКиев
_cНаук. думка
_d1979
215 _a299 с.
_cил.
_d24
300 _aАвт. указаны на обороте тит. л.
300 _aВ надзаг.: АН УССР, Ин-т электросварки им. О.Е. Патона
320 _aБиблиогр.: с. 278-297 (530 назв.)
606 _aТитан
_xСварка
_2psbo
606 _aТитан
_xМеталлургия
_2psbo
686 _aК641,351,07
_2rubbk
701 1 _aЗамков
_bВ. Н.
701 1 _aГуревич
_bС. М.
_gСамуил Маркович
_4340
701 1 _aКомпан
_bЯ. Ю.
712 0 2 _aИнститут электросварки им. Е.О. Патона
_cКиев
801 0 _aRU
_bNLR
_gpsbo
801 1 _aRU
_bELAR
_2rusmarc
852 _aNLR
_j79-7/590
899 _aRuMoRGB
_jБ 79-17/47
899 _aRuMoRGB
_jБ 79-17/48
942 _cBOOK
980 _aNB